Ravana (Record no. 71738)

MARC details
000 -LEADER
fixed length control field 00773 2200181 4500
005 - DATE AND TIME OF LATEST TRANSACTION
control field 2012011206336.0
008 - FIXED-LENGTH DATA ELEMENTS--GENERAL INFORMATION
fixed length control field 120112t xxu||||| |||| 00| 0 eng d
080 ## - UNIVERSAL DECIMAL CLASSIFICATION NUMBER
Universal Decimal Classification number 292(5-13)
Item number IND R
100 ## - MAIN ENTRY--PERSONAL NAME
Personal name Indira, Goswami., ed.
Role ed.by
245 ## - TITLE STATEMENT
Title Ravana
Remainder of title myths, legends and lore
Statement of responsibility, etc ed.by India Goswami and Manjeet Baruah
300 ## - PHYSICAL DESCRIPTION
Extent 114p.
653 ## - INDEX TERM--UNCONTROLLED
Uncontrolled term Ravana-hindu mythology
-- Hindu legends
-- Ravana - in literature
-- Folklore-India and Srilanka
700 ## - ADDED ENTRY--PERSONAL NAME
Personal name Baruah, Manjeet
942 ## - ADDED ENTRY ELEMENTS (KOHA)
item type Reference
260 ## - PUBLICATION, DISTRIBUTION, ETC. (IMPRINT)
Place of publication, distribution, etc New Delhi
Name of publisher, distributor, etc B.R. publishing; south-east asia research institute
Date of publication, distribution, etc 2009
020 ## - INTERNATIONAL STANDARD BOOK NUMBER
International Standard Book Number 9788176466455
260 ## - PUBLICATION, DISTRIBUTION, ETC. (IMPRINT)
-- 18819
Holdings
Lost status Source of classification or shelving scheme Not for loan Home library Current library Shelving location Date acquired Cost, normal purchase price Total Checkouts Full call number Barcode Date last seen Cost, replacement price Price effective from Koha item type
  Universal Decimal Classification Not For Loan University Library University Library Reference 18/02/2011 0.00   292(5-13) IND R 00065402 18/02/2011 0.00 18/02/2011 Reference
University Library, CUSAT